00465 2200169 4500001002100000005001500021008004100036020002200077035001900099082001000118090001500128100003000143245004500173260004300218300001900261650001500280INLIS00000000001142020241224114158241224||||||||| | ||| |||| ||  a978-602-00-1934-5 0010-12240114200 a005.5 a005.5HEN a0 ahengky alexander mangkulo00aAnalisa Teknikal Saham dengan ChartNexus aJakartabPt Elex Media Komputidoc2011 a224;hlm14x21cm 0aKarya Umum